| 000 | 00393nam a22001217a 4500 | ||
|---|---|---|---|
| 082 | _a220 PRO | ||
| 100 |
_aGc M.Nauman Basharat Gc Farhan Ahmad Ali Gc Hamza Abrar raja Gc M.Ramzan _973018 |
||
| 245 | _aPR-SOF-1899-Electrical Engineering | ||
| 260 |
_aISLAMABAD _bNUST COLLEGE OF EME _c2020 |
||
| 650 | _aDE-COMP-38 | ||
| 700 |
_aProject Supervisors Dr. Muwahida Col. Aqib _973019 |
||
| 942 | _cCR | ||
| 999 |
_c578918 _d578918 |
||